Los procesos de movilización e integración y el cambio social (Registro nro. 15987)

Detalles MARC
000 -LEADER
fixed length control field 00349 a2200109 4500
001 - CONTROL NUMBER
control field ART_2806
005 - DATE AND TIME OF LATEST TRANSACTION
control field 20260410161710.0
008 - FIXED-LENGTH DATA ELEMENTS--GENERAL INFORMATION
fixed length control field 260409a
100 1# - MAIN ENTRY--PERSONAL NAME
Personal name Germani, Gino
245 10 - TITLE STATEMENT
Title Los procesos de movilización e integración y el cambio social
773 0# - HOST ITEM ENTRY
Title Desarrollo económico
Related parts - Vol. 3, Nº 3 (oct./dic. 1963)
Record control number REV1174

No hay ítems disponibles.